<?xml version="1.0" encoding="UTF-8"?>
<marc:record xmlns:marc="http://www.loc.gov/MARC21/slim">
   <marc:leader>00000nam a2200000 a 4500</marc:leader>
   <marc:datafield ind1="1" ind2=" " tag="100">
      <marc:subfield code="a">Hackbarth, Annette</marc:subfield>
      <marc:subfield code="4">aut</marc:subfield>
      <marc:subfield code="e">Verfasser/-in</marc:subfield>
   </marc:datafield>
   <marc:datafield ind1=" " ind2=" " tag="653">
      <marc:subfield code="a">Sachbücher und Sachbilderbücher für Kinder und Jug</marc:subfield>
   </marc:datafield>
   <marc:datafield ind1=" " ind2=" " tag="653">
      <marc:subfield code="a">Kindersachbuch</marc:subfield>
   </marc:datafield>
   <marc:datafield ind1=" " ind2=" " tag="653">
      <marc:subfield code="a">Bauernhof</marc:subfield>
   </marc:datafield>
   <marc:datafield ind1="0" ind2="0" tag="245">
      <marc:subfield code="a">Bauernhof</marc:subfield>
   </marc:datafield>
   <marc:datafield ind1="0" ind2="0" tag="245">
      <marc:subfield code="b">Tiere, Pflanzen und Maschinen</marc:subfield>
   </marc:datafield>
   <marc:datafield ind1="0" ind2="0" tag="245">
      <marc:subfield code="c">Hackbarth, Annette</marc:subfield>
   </marc:datafield>
   <marc:datafield ind1=" " ind2="1" tag="264">
      <marc:subfield code="a">Nürnberg</marc:subfield>
      <marc:subfield code="b">Tessloff</marc:subfield>
      <marc:subfield code="c">2015</marc:subfield>
   </marc:datafield>
   <marc:datafield ind1="1" ind2=" " tag="490">
      <marc:subfield code="a">WAS IST WAS - Sachbuchreihe</marc:subfield>
      <marc:subfield code="v">Band 117</marc:subfield>
   </marc:datafield>
   <marc:datafield ind1="1" ind2=" " tag="520">
      <marc:subfield code="a">Textauszug&#xD;
Im 18. und 19. Jahrhundert nahm die Zahl der Menschen in Europa stark zu. Die Landwirtschaft musste mithalten, um die Bevölkerung ernähren zu können. Wissenschaftler forschten an Möglichkeiten, wie mehr geerntet werden könnte, zum Beispiel durch die Verbesserung der Bodenfruchtbarkeit. Der Chemiker Justus von Liebig entwickelte den ersten künstlich erzeugten Dünger. Er nannte diesen Mineraldünger Superphosphat. Der Weg war frei für die moderne Landwirtschaft, wie wir sie heute kennen.&#xD;
&#xD;
Von der Hand- zur Maschinenarbeit&#xD;
Erst zog der Mensch selber mit einem Grabstock Saatfurchen. 3 500 vor Christus erfand er das Joch, mit dem man Ochsen vor den Keilpflug spannen konnte. Der nächste Schritt in der Entwicklung kam erst im Mittelalter: das Kummet. Dieses Zuggeschirr konnte einem Pferd um den Hals gelegt werden, sodass es Lasten ziehen konnte. Den Durchbruch brachten die Maschinen - zunächst der Traktor -, mit denen immer mehr Arbeitsschritte schneller erledigt werden konnten.</marc:subfield>
   </marc:datafield>
   <marc:datafield ind1=" " ind2=" " tag="020">
      <marc:subfield code="a">9783788620653</marc:subfield>
      <marc:subfield code="9">9783788620653</marc:subfield>
   </marc:datafield>
   <marc:datafield ind1=" " ind2=" " tag="020">
      <marc:subfield code="a">378862065x</marc:subfield>
      <marc:subfield code="9">378862065x</marc:subfield>
   </marc:datafield>
   <marc:datafield ind1=" " ind2=" " tag="041">
      <marc:subfield code="a">ger</marc:subfield>
   </marc:datafield>
   <marc:datafield ind1=" " ind2=" " tag="300">
      <marc:subfield code="b">zahlr. Ill., graph. Darst.</marc:subfield>
   </marc:datafield>
   <marc:datafield ind1="0" ind2=" " tag="490">
      <marc:subfield code="v">Band 117</marc:subfield>
   </marc:datafield>
   <marc:datafield ind1=" " ind2=" " tag="338">
      <marc:subfield code="a">Band</marc:subfield>
   </marc:datafield>
   <marc:datafield ind1=" " ind2=" " tag="300">
      <marc:subfield code="a">48 S.</marc:subfield>
   </marc:datafield>
</marc:record>
